000 01750nam0a22003611 4500
001 rc\3424204
005 20260407112557.0
021 _aRU
_b[70-76886]
035 _a(NLR Aleph) 007583288
090 _a5530994
_c5530994
100 _a20130115d1970 |||y0rusy50 ca
101 0 _arus
102 _aRU
105 _aab z |||||
200 1 _aО нефтегазоносности Кувейта
_fМ-во нефт. пром-сти. Всесоюз. науч.-исслед. ин-т организации, управления и экономики нефтегазовой пром-сти
210 _a[Москва
_cБ. и.
_d1970]
215 _a60 с., 2 отд. л. карт.
_cчерт., карт.
_d20
225 1 _aОбзор зарубежной литературы
_iСерия "Нефтегазовая геология и геофизика"
300 _aАвт. указаны на обороте тит. л.
300 _aНа обл. загл. серии: Обзоры...
320 _aБиблиогр.: с. 58-59 (20 назв.)
512 0 _aОбзоры зарубежной литературы
606 _aГазоносные районы
_yКувейт
_2psbo
606 _aНефтеносные районы
_yКувейт
_2psbo
700 1 _4070
_7ca
_8rus
_aРябухин
_bГ. Е.
_f1908-1998
_gГеоргий Евгеньевич
_9271609
_3RU\NLR\AUTH\770271665
701 1 _aАлиева
_bЕ.Р.
712 0 2 _aВНИИ организации, управления и экономики нефтегазовой промышленности
_3RU\NLR\AUTH\889941164
_9377182
801 0 _aRU
_bNLR
_gpsbo
801 1 _aRU
_bELAR
_2rusmarc
852 _aNLR
_j70-4/22698
942 _cBOOK
980 _aNB